000 02399nkm0a2200421 4500
001 RU\NLR\BIBL_A\022770228
005 20260426073040.0
035 _a(NLR Aleph) 022770228
090 _a13693493
_c13693493
100 _a20260426 rusy50
101 0 _arus
102 _aRU
116 _aiiycxx zz ad
135 _acrcn 024anaba
181 0 _ab4
_bxb2e
182 0 _an
200 1 _aПетроградское строительное акционерное общество
_eпродажа земельных участков с льготной разсрочкой [!] платежа
_e1. Крестовский остров
_e2. Лесной-Кушелевка
_eпланы и проспекты по требованию безплатно [!]
_e[плакат]
203 _aИзображение
_bнеподвижное
_bдвухмерное
_bвизуальное
_cнепосредственное
210 _aПетроград
_c[б. и.
_dмежду 1914 и 1917]
215 _a1 л. (7 изобр.)
_cфотомех. печ.
_d78,8х68,5
300 _aНа л. также представлены: план имения Кушелевка; проект разбивки Крестовского острова на строительные кварталы
300 _aЦенз. разреш.: "Печатать разрешено 9 сентября за № 9610 за Петрогр. Градон. Камергер Лысогорским"
325 _aКопия доступна в Электрон. б-ке РНБ
606 1 _aРекламный плакат русский
_z1868 - 1917
_92200006
_3RU\NLR\AUTH\6601557021
686 _aЩ153(2Р=Рус)53-466
711 0 2 _aПетроградское строит. акционерное о-во
_9474290
_3RU\NLR\AUTH\889989386
852 0 0 _aNLR
_bЭ
_jР.Рус./Торг.3/2
_mЭаф10702
852 0 0 _aNLR
_bЭ
_jР.Рус./Торг.3/2
_mЭаф10703
856 0 _uhttps://vivaldi.nlr.ru/la700001836/view
856 1 _uhttps://vivaldi.nlr.ru/la700001836/cover
856 2 _uhttps://vivaldi.nlr.ru/la700001836/text
942 _cVISUAL
980 _aNB
981 1 7 _a(17) Изографические материалы
_b(17) Плакаты